000 00262nam a22001217a 4500
008 181102b xxu||||| |||| 00| 0 eng d
041 _aeng
080 _a616.073
100 _a6
101 _aRAD
245 _aPractical Urology
_cWinter,Ch.C
942 _2udc
_cBK
999 _c51680
_d51680